000 00963nam a22002057a 4500
003 NALT
005 20210804164345.0
008 s2543 th tha d
040 _aNALT
041 _atha
090 _aว JQ1746.Z13.O3 ด494บ 2543
245 1 0 _aบทสรุปสำหรับผู้บริหาร : การศึกษาวิจัยเรื่องแนวทางการดำเนินงานเรื่องศูนย์ราชการส่วนภูมิภาค
260 3 _aกรุงเทพฯ :
_bสถาบันดำรงราชานุภาพ สำนักงานปลัดกระทรวงมหาดไทย,
_c2543
300 _a24 หน้า ;
_b 21 ซม.
650 0 4 _aศูนย์ราชการ
650 0 4 _aศูนย์ราชการส่วนภูมิภาค
850 _aNALT
942 _cRSH
_2lcc
998 _bSOPAPORN
_j109
_k อารีรัตน์ วิชาช่าง
999 _c30347
_d30347